00911cam a2200205 a 450000500170000000800410001704100080005804400080006608200170007410000310009124201170012224501010023926000530034030000290039359000490042265000380047194200150050999900150052495201660053920140403151441.0140402s1969 -usao gr|||| 00| 0 eng d aeng axxu a595.98bK66f1 aKlots, Alexander B.92329514aUna guía de campo de las mariposas de Norte América, Este de las grandes planisies.cAlexander B. Klotsyspa12aA field guide to the butterflies of North America, East of the great plains.cAlexander B. Klots3 aCambridgebHoughton Mifflin Company Bostonc1969 a349 p.bil., fot.c20 cm a242 traducción por la agencia catalogadora 4aMariposasvGuía de campo923296 cImpreso2z c5658d5658 00102ddc40708GENERALIINV2017aBogotabBogotad2007-07-10eAmazong60000.00l0oLB-595.98K66fp024701r2012-12-04 00:00:00tEj.1w2012-12-04xDonacionyLIBRO